000 01408cam a22003494a 4500
001 14267261
003 NUST-PNEC
005 20170116180700.0
008 060215s2006 okua b 001 0 eng
010 _a 2006005402
020 _a1593700512 (hardcover)
020 _a9781593700515
035 _a(OCoLC)ocm64390400
040 _aDLC
_cPNEC
_dYDX
042 _apcc
050 0 0 _aHD9502.A2
_bR353 2006
082 0 0 _a621.31068 RAJ
100 1 _aRajan, G. G.
245 1 0 _aPractical energy efficiency optimization /
_cG.G. Rajan.
260 _aTulsa, Okla. :
_bPennWell Corp.,
_cc2006.
300 _axiv, 403 p. :
_bill. ;
_c24 cm.
500 _ahttp://www.amazon.com/Practical-Energy-Efficiency-Optimization-Rajan/dp/1593700512/ref=sr_1_1?s=books&ie=UTF8&qid=1410151466&sr=1-1&keywords=1593700512
504 _aIncludes bibliographical references (p. [389]-390) and index.
650 0 _aIndustries
_xEE
650 0 _aIndustries
_xEnergy conservation, consumption
650 0 _aIndustries
_xEnergy consumption
_vCase studies.
650 0 _aIndustries
_xEnergy conservation
_vCase studies.
856 4 1 _3Table of contents only
_uhttp://www.loc.gov/catdir/toc/ecip069/2006005402.html
906 _a7
_bcbc
_corignew
_d1
_eecip
_f20
_gy-gencatlg
942 _2ddc
_cBK
999 _c60508
_d60508